援護率リーグ最高投手 - Statistics

General Stats
  • This quiz has been taken 108 times
  • The average score is 14 of 33
Answer Stats
年度 援護率 防御率 勝利 敗戦 名前 % Correct
2013 6.08 1.27 24 0 田中将大
85%
2008 5.66 1.87 21 4 岩隈久志
69%
2014 5.83 4.75 10 10 石川雅規
68%
2015 4.68 3.31 13 9 石川雅規
68%
2019 5.45 3.34 12 6 高橋礼
64%
2020 6.33 3.60 11 4 涌井秀章
61%
2007 5.19 1.82 16 1 成瀬善久
60%
2016 4.87 3.04 15 5 和田毅
60%
2011 4.16 1.65 18 3 吉見一起
59%
2017 5.75 3.65 10 2 大瀬良大地
59%
2010 5.69 4.38 11 8 内海哲也
57%
2013 5.56 3.74 12 6 野村祐輔
53%
2016 5.74 2.71 16 3 野村祐輔
53%
2018 7.03 3.81 16 5 多和田真三郎
53%
2021 5.24 4.27 9 8 戸郷翔征
52%
2020 5.18 2.26 11 5 西勇輝
51%
2019 6.19 2.91 15 4 山口俊
47%
2017 5.08 3.47 12 8 金子千尋
41%
2018 5.44 3.11 11 5 クリス・ジョンソン
36%
2022 4.35 3.16 11 8 宮城大弥
36%
2022 5.23 3.17 10 8 森下暢仁
32%
2012 4.88 2.45 12 8 D.J.ホールトン
31%
2008 5.79 3.20 13 9 安藤優也
29%
2009 5.91 3.47 13 6 セス・グライシンガー
29%
2021 4.41 3.76 10 4 小島和哉
29%
2007 5.76 3.59 14 8 中田賢一
25%
2009 5.64 4.42 6 7 清水直行
25%
2014 5.40 4.34 11 7 中田賢一
25%
2011 5.69 3.22 14 6 ボビー・ケッペル
17%
2012 4.03 2.43 13 9 牧田和久
16%
2021 4.41 3.79 10 8 松本航
16%
2010 7.12 3.75 12 6 ビル・マーフィー
13%
2015 5.19 3.55 11 7 十亀剣
11%
No matching quizzes found
Score Distribution
Percent of People with Each Score
Percentile by Number Answered
Your Score History
You have not taken this quiz